Špecifické prípady účtovania podnikateľov. 18

Účtovanie v triede 7 - závierkové a podsúvahové účty. Účtovanie na účtoch 701 - začiatočný účet súvahový a 702 - konečný účet súvahový.

Uložené v:
Podrobná bibliografia
Hlavný autor: Nagy, Július
Médium: Kapitola
Jazyk:Slovak
Predmet:
Tagy: Pridať tag
Žiadne tagy, Buďte prvý, kto otaguje tento záznam!

MARC

LEADER 00000naa a2200000 4500
001 r023607
005 20230811094112.1
041 0 |a slo 
044 |a SK 
245 1 0 |a Špecifické prípady účtovania podnikateľov. 18  |c J. Nagy 
520 |a Účtovanie v triede 7 - závierkové a podsúvahové účty. Účtovanie na účtoch 701 - začiatočný účet súvahový a 702 - konečný účet súvahový. 
610 2 0 |a účtovníctvo 
610 2 0 |a podnikatelia 
610 2 0 |a účtovníctvo podvojné 
610 2 0 |a účty podsúvahové 
610 2 0 |a účty súvahové 
100 1 |a Nagy, Július